000 00705nam a2200277Ia 4500
005 20260121124826.0
008 008 260114s9999 xx 000 0 eng d
020 _a9780812207088
037 _aEBOOK
040 _aCRL
040 _beng
040 _cCRL
041 _2eng
041 _aeng
084 _qCRL
100 _aDennis, Matthew
_9982616
245 0 _aSeneca Possessed: Indians, Witchcraft, and Power in the Early American Republic
260 _bWalter de Gruyter
260 _bWalter de Gruyter
260 _c2010
650 _aHistory
_9982617
856 _uhttp://www.degruyter.com/isbn/9780812207088
942 _cEBOOK
999 _c1557407
_d1557407